[Event "Eliminacje strefowe do OOM OP/SL - C13"]
[Site "OW Sudety Pokrzywna"]
[Date "2023.??.??"]
[Round "4.4"]
[White "Smolinski, Wojciech"]
[Black "Bodzynski, Daniel"]
[Result "1-0"]
[BlackElo "1228"]
[EventDate "2023.??.??"]
[PlyCount "33"]
[WhiteElo "1597"]

1. e4 e6 2. d4 d5 3. Nd2 c5 4. exd5 exd5 5. Ngf3 Nc6 6. Bb5 Bd6 7. dxc5 Bxc5 8.
O-O Bd6 9. Re1+ Ne7 10. Nb3 Bg4 11. h3 Bh5 12. c4 dxc4 13. Na5 O-O 14. Nxb7 Qc7
15. Nxd6 Rad8 16. Bf4 Nc8 17. Qd5  1-0

[Event "Eliminacje strefowe do OOM OP/SL - C13"]
[Site "OW Sudety Pokrzywna"]
[Date "2023.??.??"]
[Round "4.5"]
[White "Burszczan, Piotr"]
[Black "Seemann, Adam"]
[Result "1-0"]
[BlackElo "1546"]
[EventDate "2023.??.??"]
[PlyCount "57"]
[WhiteElo "1248"]

1. d4 Nf6 2. c4 g6 3. g3 Bg7 4. Bg2 O-O 5. Nf3 d6 6. Nc3 Nbd7 7. O-O e5 8. e4
exd4 9. Nxd4 Nc5 10. Qc2 h6 11. Be3 Ng4 12. Qd2 Nxe3 13. Qxe3 Ne6 14. Nde2 Re8
15. Rad1 Bd7 16. Rd2 Bc6 17. Rfd1 a5 18. a3 a4 19. Nd5 Bxd5 20. Rxd5 b6 21. e5
Nc5 22. f4 f6 23. Qc3 fxe5 24. fxe5 Bxe5 25. Rxe5 Rxe5 26. Bxa8 Qxa8 27. Nf4
Qe4 28. Nd5 Ne6 29. Nf6+  1-0

[Event "Eliminacje strefowe do OOM OP/SL - C13"]
[Site "OW Sudety Pokrzywna"]
[Date "2023.??.??"]
[Round "4.6"]
[White "Biela, Jan"]
[Black "Kordowski, Lukasz"]
[Result "0-1"]
[BlackElo "1342"]
[EventDate "2023.??.??"]
[PlyCount "114"]
[WhiteElo "1158"]

1. e4 c5 2. Nf3 d6 3. d4 cxd4 4. Nxd4 Nf6 5. Nc3 g6 6. Be2 Bg7 7. Be3 O-O 8. Qd2
Nc6 9. f3 Bd7 10. g4 Qa5 11. Nb3 Qd8 12. Bh6 a6 13. Bxg7 Kxg7 14. h4 h5 15. g5
Ne8 16. Nd4 Qb6 17. O-O-O Nxd4 18. Qxd4+ Qxd4 19. Rxd4 b5 20. Nd5 e5 21. Rd2
Be6 22. Nf6 Nxf6 23. gxf6+ Kxf6 24. Rxd6 Ke7 25. Rhd1 Rfc8 26. b3 Rc5 27. Rb6
Rac8 28. Rd2 R5c6 29. Rxc6 Rxc6 30. Kb2 f6 31. Bd3 g5 32. Rh2 Bf7 33. Be2 Rc8
34. c4 bxc4 35. Bxc4 Bxc4 36. bxc4 g4 37. fxg4 Rxc4 38. gxh5 Rxe4 39. Kc3 Kf7
40. Rb2 Rxh4 41. Rb7+ Ke6 42. Rb6+ Kf5 43. Rxa6 Rxh5 44. a4 Rh3+ 45. Kb4 e4 46.
Ra5+ Kf4 47. Rc5 f5 48. Rc6 Ke3 49. Re6 Rh1 50. Rc6 Rg1 51. a5 Rb1+ 52. Ka3 f4
53. Rc3+ Kd4 54. Rc8 f3 55. Rd8+ Ke3 56. Ka2 Rb5 57. Ra8 f2  0-1

[Event "Eliminacje strefowe do OOM OP/SL - C13"]
[Site "OW Sudety Pokrzywna"]
[Date "2023.??.??"]
[Round "4.7"]
[White "Niesyt, Michal"]
[Black "Myslowski, Tomasz"]
[Result "1-0"]
[BlackElo "1084"]
[EventDate "2023.??.??"]
[PlyCount "99"]
[WhiteElo "1706"]

1. e4 e6 2. d4 d5 3. Nd2 dxe4 4. Nxe4 Bd7 5. Nf3 Bc6 6. Ng3 Nd7 7. Be2 Ngf6 8.
O-O Bd6 9. c4 b6 10. Re1 O-O 11. Be3 Qe7 12. Qb3 Rfe8 13. a3 Rab8 14. Rad1 Bb7
15. Kh1 h6 16. Kg1 Kh8 17. Qa2 a5 18. d5 exd5 19. cxd5 Bxg3 20. hxg3 Rbd8 21.
Bf4 Qc5 22. Rc1 Qxd5 23. Bc4 Rxe1+ 24. Rxe1 Qc6 25. Bxf7 Nf8 26. Rc1 Qd7 27.
Ne5 Qd4 28. Bb3 Kh7 29. Bc2+ Ne4 30. Ng4 Ng6 31. Rd1 Qxd1+ 32. Bxd1 Rxd1+ 33.
Kh2 Bc8 34. Ne3 Re1 35. Nc2 Rd1 36. Ne3 Re1 37. b4 Nxf4 38. gxf4 Bb7 39. bxa5
bxa5 40. Nf5 Bc8 41. Qf7 Bxf5 42. Qxf5+ Kh8 43. Qxa5 Rc1 44. Qa8+ Kh7 45. Qxe4+
Kh8 46. f5 Ra1 47. Qe8+ Kh7 48. Qg6+ Kh8 49. f6 Rxa3 50. Qxg7#  1-0

[Event "Eliminacje strefowe do OOM OP/SL - C13"]
[Site "OW Sudety Pokrzywna"]
[Date "2023.??.??"]
[Round "4.8"]
[White "Kunze, Krystian"]
[Black "Cichocki, Jakub"]
[Result "1/2-1/2"]
[BlackElo "1062"]
[EventDate "2023.??.??"]
[PlyCount "74"]
[WhiteElo "1213"]

1. d4 d5 2. Bf4 Bf5 3. Nf3 Nf6 4. e3 e6 5. c3 c6 6. Bd3 Bg6 7. Qc2 Bd6 8. Bg3
Qc7 9. Nbd2 Nbd7 10. Bxd6 Qxd6 11. h3 Bxd3 12. Qxd3 h6 13. O-O O-O 14. Rfe1 c5
15. e4 dxe4 16. Nxe4 Qc6 17. dxc5 Nxe4 18. Qxe4 Qxe4 19. Rxe4 Nxc5 20. Rd4 Rfd8
21. Rad1 Rxd4 22. Rxd4 Rc8 23. Kf1 Kf8 24. Rc4 b5 25. Rb4 a6 26. Rd4 Rc7 27.
Ke2 Rd7 28. Rxd7 Nxd7 29. Nd2 f5 30. b3 Ke7 31. Ke3 e5 32. c4 b4 33. Nf3 Ke6
34. Ne1 f4+ 35. Ke2 a5 36. f3 g5 37. Nc2 Nc5  1/2-1/2

[Event "Eliminacje strefowe do OOM OP/SL - C13"]
[Site "OW Sudety Pokrzywna"]
[Date "2023.??.??"]
[Round "5.1"]
[White "Oles, Mateusz"]
[Black "Brzezina, Piotr"]
[Result "0-1"]
[BlackElo "2038"]
[EventDate "2023.??.??"]
[PlyCount "115"]
[WhiteElo "1502"]

1. e4 e5 2. Nf3 Nc6 3. Bc4 Bc5 4. c3 Nf6 5. d3 d6 6. b4 Bb6 7. O-O h6 8. Nbd2
O-O 9. a4 a6 10. Bb2 Ne7 11. Bb3 c6 12. d4 Ng6 13. Qc2 Qe7 14. Rad1 Bg4 15.
Rfe1 Rfd8 16. h3 Bxf3 17. Nxf3 c5 18. bxc5 dxc5 19. d5 Ne8 20. c4 Ba5 21. Bc3
Bxc3 22. Qxc3 a5 23. Rb1 b6 24. Bd1 Rab8 25. g3 Nd6 26. h4 Re8 27. Qc2 Nf8 28.
Nh2 Nh7 29. Bg4 g6 30. Bh3 Kg7 31. Re3 Rb7 32. Reb3 Reb8 33. Re1 Qe8 34. Rf3
Re7 35. Rfe3 Nf6 36. Kh1 g5 37. Rg1 Kh7 38. Rc1 Qg8 39. Qe2 Qg6 40. Bg2 Rg8 41.
Rg1 gxh4 42. gxh4 Nh5 43. Qf1 Ree8 44. Bf3 Qxg1+ 45. Qxg1 Rxg1+ 46. Kxg1 Nf4
47. Rc3 Nxe4 48. Rb3 Rg8+ 49. Ng4 Nd2 50. Re3 Nxf3+ 51. Rxf3 Rxg4+ 52. Kf1 Rg8
53. Re3 Rb8 54. f3 Kg7 55. Kf2 Ng6 56. Ke2 Nxh4 57. Kd3 Kf6 58. Ke4  0-1

[Event "Eliminacje strefowe do OOM OP/SL - C13"]
[Site "OW Sudety Pokrzywna"]
[Date "2023.??.??"]
[Round "5.2"]
[White "Pawleta, Mateusz"]
[Black "Staniczek, Kacper"]
[Result "1-0"]
[BlackElo "1518"]
[EventDate "2023.??.??"]
[PlyCount "75"]
[WhiteElo "1433"]

1. d4 d5 2. c4 Nc6 3. cxd5 Qxd5 4. e3 e5 5. Nc3 Bb4 6. a3 Bxc3+ 7. bxc3 Qd6 8.
Nf3 Bg4 9. Be2 e4 10. Nd2 Bxe2 11. Qxe2 Nf6 12. c4 O-O 13. O-O Rfe8 14. Bb2
Rad8 15. Rfd1 Qe7 16. Bc3 b6 17. Nb3 Nd7 18. Qb2 f5 19. Rac1 Qg5 20. c5 Ne7 21.
cxb6 cxb6 22. Qe2 Ng6 23. Kh1 Nh4 24. Rg1 Nf6 25. Nd2 Nd5 26. g3 Nf3 27. Nxf3
Qg4 28. Qd1 exf3 29. Bd2 Re6 30. Qf1 Rh6 31. e4 Rh3 32. exd5 Rxd5 33. Rc8+ Kf7
34. Rc7+ Kg8 35. Bf4 Rxd4 36. Be5 Rd1 37. Rxg7+ Qxg7 38. Qc4+  1-0

[Event "Eliminacje strefowe do OOM OP/SL - C13"]
[Site "OW Sudety Pokrzywna"]
[Date "2023.??.??"]
[Round "5.3"]
[White "Pycinski, Wladyslaw"]
[Black "Kordowski, Lukasz"]
[Result "1-0"]
[BlackElo "1342"]
[EventDate "2023.??.??"]
[PlyCount "77"]
[WhiteElo "2091"]

1. e4 c5 2. Nf3 d6 3. d4 cxd4 4. Nxd4 Nf6 5. Nc3 g6 6. Be3 Bg7 7. f3 O-O 8. Qd2
Nc6 9. O-O-O d5 10. Qe1 e5 11. Nxc6 bxc6 12. exd5 Nxd5 13. Bc4 Be6 14. Ne4 Qc7
15. Bc5 Rfd8 16. Qh4 h6 17. g4 Qa5 18. g5 h5 19. Qf2 Kh8 20. Bb3 Rab8 21. Kb1
Bf5 22. Rhe1 Rb5 23. Be3 Rdb8 24. Bd2 Qa6 25. Qe2 Qb6 26. Ka1 Nf4 27. Bxf4 exf4
28. Nd6 Rxb3 29. cxb3 Be6 30. Qd3 Qa5 31. Rxe6 fxe6 32. Qxg6 Rf8 33. Nf7+ Kg8
34. Nh6+ Kh8 35. Qxh5 Bxh6 36. Qxh6+ Kg8 37. Qxe6+ Kh8 38. Qe7 Qf5 39. g6  1-0

[Event "Eliminacje strefowe do OOM OP/SL - C13"]
[Site "OW Sudety Pokrzywna"]
[Date "2023.??.??"]
[Round "5.4"]
[White "Burszczan, Piotr"]
[Black "Smolinski, Wojciech"]
[Result "1/2-1/2"]
[BlackElo "1597"]
[EventDate "2023.??.??"]
[PlyCount "60"]
[WhiteElo "1248"]

1. d4 Nf6 2. c4 g6 3. g3 Bg7 4. Bg2 d5 5. Nc3 dxc4 6. Qa4+ Bd7 7. Qxc4 Bc6 8.
Nf3 O-O 9. O-O Nd5 10. Re1 Nb6 11. Qd3 Bxf3 12. Bxf3 Nc6 13. Bxc6 bxc6 14. e3
c5 15. Rd1 cxd4 16. exd4 Qd7 17. Be3 Rfd8 18. Rac1 a6 19. Qc2 Rac8 20. Qe2 Ra8
21. Qf3 Nd5 22. Qxd5 Qxd5 23. Nxd5 Rxd5 24. Rxc7 e5 25. Rc5 Rad8 26. Rd2 exd4
27. Rxd5 Rxd5 28. f4 Rb5 29. Bxd4 Bxd4+ 30. Rxd4 Rxb2  1/2-1/2

[Event "Eliminacje strefowe do OOM OP/SL - C13"]
[Site "OW Sudety Pokrzywna"]
[Date "2023.??.??"]
[Round "5.5"]
[White "Niesyt, Michal"]
[Black "Swoboda, Wojciech"]
[Result "1-0"]
[BlackElo "1239"]
[EventDate "2023.??.??"]
[PlyCount "53"]
[WhiteElo "1706"]

1. e4 c5 2. Nf3 Nc6 3. d4 cxd4 4. Nxd4 Nf6 5. Nc3 d6 6. Bc4 e5 7. Nde2 Be6 8.
Bb3 Be7 9. O-O O-O 10. Be3 a6 11. f3 Na5 12. Nd5 Nxd5 13. exd5 Bd7 14. Qd2 b5
15. Rac1 Rc8 16. Ng3 Qc7 17. c3 Qb7 18. f4 f6 19. f5 Rfd8 20. Ne4 Qb8 21. Qe2
Nc4 22. Bxc4 Rxc4 23. Nd2 Rcc8 24. Rfd1 g6 25. g4 gxf5 26. gxf5 Rc7 27. Kh1 {
nieczytelny zapis}   1-0

[Event "Eliminacje strefowe do OOM OP/SL - C13"]
[Site "OW Sudety Pokrzywna"]
[Date "2023.??.??"]
[Round "5.6"]
[White "Seemann, Adam"]
[Black "Kunze, Krystian"]
[Result "1-0"]
[BlackElo "1213"]
[EventDate "2023.??.??"]
[PlyCount "57"]
[WhiteElo "1546"]

1. e4 e6 2. d4 d5 3. Nd2 Nf6 4. e5 Nfd7 5. Bd3 c5 6. c3 Nc6 7. Ne2 cxd4 8. cxd4
f6 9. exf6 Nxf6 10. O-O Bd6 11. Nf3 O-O 12. Bf4 Bxf4 13. Nxf4 Ne4 14. Qc1 Qb6
15. Qe3 Nxd4 16. Nxd4 e5 17. Nxd5 exd4 18. Qxe4 Qh6 19. Qxd4 Qg5 20. Qe4 Qh5
21. Rac1 Kh8 22. Ne3 Bd7 23. Qd5 Qe8 24. Rfe1 Bc6 25. Qg5 Qf7 26. Qh4 h6 27.
Nf5 Rad8 28. Re7 Qg6 29. Rxg7  1-0

[Event "Eliminacje strefowe do OOM OP/SL - C13"]
[Site "OW Sudety Pokrzywna"]
[Date "2023.??.??"]
[Round "5.7"]
[White "Bodzynski, Daniel"]
[Black "Biela, Jan"]
[Result "1/2-1/2"]
[BlackElo "1158"]
[EventDate "2023.??.??"]
[PlyCount "60"]
[WhiteElo "1228"]

1. e4 c5 2. Nf3 g6 3. d4 cxd4 4. Nxd4 Nc6 5. Nc3 Nf6 6. Be3 Bg7 7. Bc4 O-O 8.
O-O d6 9. h3 Bd7 10. Re1 Rc8 11. Bb3 a6 12. Qd2 b5 13. a3 Na5 14. Ba2 Nc4 15.
Bxc4 Rxc4 16. f3 Qa8 17. Rad1 Rfc8 18. Rc1 Qb7 19. Na2 Ne8 20. c3 Bxd4 21. Bxd4
e5 22. Be3 a5 23. Re2 Be6 24. Rd1 R4c7 25. Nc1 Rc4 26. Na2 R4c7 27. Nc1 Rc4 28.
Na2 R4c7 29. Nc1 Rc4 30. Na2 R4c7  1/2-1/2

[Event "Eliminacje strefowe do OOM OP/SL - C13"]
[Site "OW Sudety Pokrzywna"]
[Date "2023.??.??"]
[Round "5.8"]
[White "Myslowski, Tomasz"]
[Black "Swiderski, Piotr"]
[Result "1/2-1/2"]
[BlackElo "1096"]
[EventDate "2023.??.??"]
[PlyCount "69"]
[WhiteElo "1084"]

1. e4 c5 2. Nc3 e6 3. f4 d5 4. Bb5+ Nc6 5. d3 Bd7 6. Nf3 Bd6 7. O-O Nge7 8. Qe1
O-O 9. Bxc6 Bxc6 10. Qh4 Ng6 11. Qg4 Rc8 12. f5 dxe4 13. dxe4 exf5 14. exf5 Bd7
15. Nd5 Re8 16. Bf4 Nxf4 17. Nxf4 Bxf4 18. Qxf4 Qf6 19. c3 Qxf5 20. Qxf5 Bxf5
21. Rfe1 h6 22. Nd2 Rcd8 23. Rxe8+ Rxe8 24. Kf2 Bg6 25. Re1 Rxe1 26. Kxe1 b5
27. Nb3 c4 28. Nd4 a6 29. Kd2 Be4 30. g3 Kf8 31. Ke3 Bd5 32. Nf5 Be6 33. Nd6
Ke7 34. Nb7 f5 35. Kd4  1/2-1/2

[Event "Eliminacje strefowe do OOM OP/SL - C13"]
[Site "OW Sudety Pokrzywna"]
[Date "2023.??.??"]
[Round "6.1"]
[White "Brzezina, Piotr"]
[Black "Niesyt, Michal"]
[Result "1/2-1/2"]
[BlackElo "1706"]
[EventDate "2023.??.??"]
[PlyCount "63"]
[WhiteElo "2038"]

1. d4 d5 2. c4 e6 3. Nf3 Nf6 4. g3 c6 5. Qc2 Bd6 6. Bg2 Nbd7 7. Nbd2 Qe7 8. O-O
O-O 9. b3 Re8 10. Bb2 e5 11. dxe5 Nxe5 12. e3 Neg4 13. cxd5 cxd5 14. Qd3 Bd7
15. h3 Ne5 16. Nxe5 Bxe5 17. Bxe5 Qxe5 18. Nf3 Qe4 19. Qxe4 dxe4 20. Nd4 Rac8
21. Rfc1 Kf8 22. Kf1 Ke7 23. Ke1 a5 24. b4 Rxc1+ 25. Rxc1 Rc8 26. Rxc8 Bxc8 27.
Kd2 Kd6 28. a3 Ke5 29. Bf1 Nd5 30. h4 f6 31. Bg2 Bd7 32. Nb3  1/2-1/2

[Event "Eliminacje strefowe do OOM OP/SL - C13"]
[Site "OW Sudety Pokrzywna"]
[Date "2023.??.??"]
[Round "6.2"]
[White "Pycinski, Wladyslaw"]
[Black "Pawleta, Mateusz"]
[Result "1/2-1/2"]
[BlackElo "1433"]
[EventDate "2023.??.??"]
[PlyCount "66"]
[WhiteElo "2091"]

1. Nf3 d5 2. e3 Nf6 3. c4 e6 4. Nc3 c6 5. b3 Nbd7 6. Qc2 Bd6 7. d4 O-O 8. Bb2
Re8 9. Be2 Qa5 10. O-O e5 11. cxd5 cxd5 12. Nb5 Bb8 13. dxe5 Nxe5 14. Nxe5 Bxe5
15. Bxe5 Rxe5 16. Rac1 Bd7 17. Nd4 Rc8 18. Qb2 Ree8 19. h3 h6 20. Bf3 Ne4 21.
a3 Qd2 22. Qxd2 Nxd2 23. Rfd1 Nxf3+ 24. Nxf3 Rxc1 25. Rxc1 Rc8 26. Rxc8+ Bxc8
27. Kf1 Kf8 28. Ke2 Ke7 29. Kd3 Kd6 30. Kd4 f6 31. Ng1 b6 32. Ne2 Be6 33. Ng3
g6  1/2-1/2

[Event "Eliminacje strefowe do OOM OP/SL - C13"]
[Site "OW Sudety Pokrzywna"]
[Date "2023.??.??"]
[Round "6.3"]
[White "Smolinski, Wojciech"]
[Black "Staniczek, Kacper"]
[Result "1-0"]
[BlackElo "1518"]
[EventDate "2023.??.??"]
[PlyCount "87"]
[WhiteElo "1597"]

1. e4 e5 2. Nf3 Nf6 3. Nxe5 d6 4. Nf3 Nxe4 5. Nc3 Nxc3 6. dxc3 Be7 7. Bf4 Be6 8.
a3 a6 9. Qd2 Nc6 10. O-O-O Qd7 11. Bd3 O-O-O 12. h3 h6 13. Kb1 Bf6 14. Rhe1
Rhe8 15. Bg3 Kb8 16. Bh4 Bxh4 17. Nxh4 Ne5 18. Be2 Qc6 19. f4 Nc4 20. Qd4 Ne3
21. Bf3 Qb6 22. Qxb6 cxb6 23. Rxe3 Ba2+ 24. Kxa2 Rxe3 25. Nf5 Re6 26. Nxg7 Rg6
27. Nf5 Rf6 28. g4 h5 29. Rd4 b5 30. Ng3 hxg4 31. hxg4 Kc7 32. g5 Rg6 33. Re4
Re6 34. f5 Rxe4 35. Bxe4 d5 36. Bd3 Kd6 37. g6 fxg6 38. fxg6 Ke7 39. Nh5 Kf8
40. g7+ Kg8 41. Bf5 Rd6 42. Bg4 Rg6 43. Bf3 Rg5 44. Bxd5+  1-0

[Event "Eliminacje strefowe do OOM OP/SL - C13"]
[Site "OW Sudety Pokrzywna"]
[Date "2023.??.??"]
[Round "6.4"]
[White "Oles, Mateusz"]
[Black "Burszczan, Piotr"]
[Result "1-0"]
[BlackElo "1248"]
[EventDate "2023.??.??"]
[PlyCount "39"]
[WhiteElo "1502"]

1. e4 e5 2. Nf3 Nc6 3. Bc4 Bc5 4. c3 Nf6 5. d4 exd4 6. cxd4 Bb4+ 7. Nbd2 Nxe4 8.
d5 Ne7 9. O-O Nxd2 10. Nxd2 O-O 11. Qb3 Bxd2 12. Bxd2 Ng6 13. d6 c6 14. Rfe1
Qf6 15. Rad1 b5 16. Bf1 a5 17. Bc3 a4 18. Qb4 Qf4 19. Re4 Qg5 20. Qd4  1-0

[Event "Eliminacje strefowe do OOM OP/SL - C13"]
[Site "OW Sudety Pokrzywna"]
[Date "2023.??.??"]
[Round "6.5"]
[White "Kordowski, Lukasz"]
[Black "Seemann, Adam"]
[Result "0-1"]
[BlackElo "1546"]
[EventDate "2023.??.??"]
[PlyCount "124"]
[WhiteElo "1342"]

1. e4 c5 2. Nf3 Nc6 3. Nc3 g6 4. d3 Bg7 5. g3 e6 6. Bg2 Nge7 7. O-O O-O 8. Ne1
d5 9. f4 d4 10. Ne2 e5 11. fxe5 Nxe5 12. Nf3 Bg4 13. Nxe5 Bxe5 14. Bf4 Bxf4 15.
Rxf4 Qd7 16. Qd2 Rae8 17. h3 Bxe2 18. Qxe2 Nd5 19. Raf1 Nxf4 20. gxf4 Re7 21.
Qf2 Qe6 22. b3 b5 23. Ra1 Rd8 24. f5 gxf5 25. exf5 Qe3 26. Be4 Qxh3 27. Qg2+
Qxg2+ 28. Kxg2 Kg7 29. Kf3 Kf6 30. Rh1 Rh8 31. Rh6+ Kg5 32. Rc6 h5 33. Rxc5 h4
34. Kg2 f6 35. c3 dxc3 36. Rxc3 Kf4 37. Rc6 Rh6 38. Rc2 Ke3 39. Rc6 h3+ 40. Kh2
Rxe4 41. dxe4 Kxe4 42. Rc5 a6 43. Rc6 Kxf5 44. Rxa6 Rh5 45. Rb6 Kg6 46. a4 bxa4
47. bxa4 Ra5 48. Kxh3 Rxa4 49. Kg3 Kg5 50. Rb8 Ra3+ 51. Kf2 f5 52. Rb5 Kg4 53.
Rb2 Rh3 54. Kg2 Re3 55. Kf2 Rc3 56. Ra2 f4 57. Rb2 Rh3 58. Kg2 f3+ 59. Kg1 Kg3
60. Ra2 Rh4 61. Rb2 Rc4 62. Rb1 Rc2  0-1

[Event "Eliminacje strefowe do OOM OP/SL - C13"]
[Site "OW Sudety Pokrzywna"]
[Date "2023.??.??"]
[Round "6.6"]
[White "Bodzynski, Daniel"]
[Black "Cichocki, Jakub"]
[Result "1-0"]
[BlackElo "1062"]
[EventDate "2023.??.??"]
[PlyCount "55"]
[WhiteElo "1228"]

1. e4 c5 2. c4 g6 3. Nc3 Bg7 4. Nge2 d6 5. g3 Nf6 6. Bg2 Nc6 7. d3 O-O 8. O-O
Bg4 9. f3 Bd7 10. h3 e6 11. f4 a6 12. Be3 b6 13. g4 Ne7 14. e5 dxe5 15. fxe5
Ne8 16. Bxa8 Qxa8 17. Bg5 f6 18. exf6 Nxf6 19. Qd2 Nc6 20. Bxf6 Bxf6 21. Ne4
Bd4+ 22. Nxd4 Nxd4 23. Qd1 Bc6 24. Rxf8+ Qxf8 25. Qf1 Nf3+ 26. Kg2 Nd4 27.
Qxf8+ Kxf8 28. b3  1-0

[Event "Eliminacje strefowe do OOM OP/SL - C13"]
[Site "OW Sudety Pokrzywna"]
[Date "2023.??.??"]
[Round "6.7"]
[White "Biela, Jan"]
[Black "Myslowski, Tomasz"]
[Result "1/2-1/2"]
[BlackElo "1084"]
[EventDate "2023.??.??"]
[PlyCount "61"]
[WhiteElo "1158"]

1. e4 e6 2. d4 d5 3. Nd2 dxe4 4. Nxe4 Bd7 5. Nf3 Bc6 6. Bd3 Nd7 7. c3 Ngf6 8.
Nxf6+ Nxf6 9. O-O Be7 10. Ne5 Qd5 11. Nxc6 Qxc6 12. Bg5 Qd5 13. Bxf6 Bxf6 14.
Re1 c6 15. Qc2 h6 16. a4 O-O 17. b4 Qd6 18. Rad1 Rad8 19. h3 Qc7 20. Re4 Rfe8
21. Rde1 Kf8 22. f4 g6 23. Kh1 Ra8 24. Qb2 a6 25. Rf1 b5 26. a5 Qd6 27. Qf2
Rad8 28. Re2 Re7 29. Re4 Rdd7 30. Re3 Qc7 31. Be4  1/2-1/2

[Event "Eliminacje strefowe do OOM OP/SL - C13"]
[Site "OW Sudety Pokrzywna"]
[Date "2023.??.??"]
[Round "6.9"]
[White "Kunze, Krystian"]
[Black "Swiderski, Piotr"]
[Result "1-0"]
[BlackElo "1096"]
[EventDate "2023.??.??"]
[PlyCount "53"]
[WhiteElo "1213"]

1. d4 d6 2. Nf3 Bg4 3. e4 Nd7 4. Be3 Ngf6 5. Nbd2 e5 6. Be2 Be7 7. O-O O-O 8.
Nc4 exd4 9. Qxd4 Nc5 10. e5 dxe5 11. Qxe5 Ne6 12. h3 Bh5 13. Rad1 Qc8 14. Rfe1
Bg6 15. Bd3 Bxd3 16. Rxd3 c6 17. Red1 Nd5 18. Qg3 Nxe3 19. Nxe3 Bf6 20. c3 Rd8
21. Ng4 Be7 22. Rxd8+ Bxd8 23. Nfe5 Bc7 24. Qe3 Qf8 25. Rd7 f6 26. Ng6 hxg6 27.
Qxe6+  1-0

[Event "Eliminacje strefowe do OOM OP/SL - C13"]
[Site "OW Sudety Pokrzywna"]
[Date "2023.??.??"]
[Round "7.1"]
[White "Smolinski, Wojciech"]
[Black "Brzezina, Piotr"]
[Result "0-1"]
[BlackElo "2038"]
[EventDate "2023.??.??"]
[PlyCount "102"]
[WhiteElo "1597"]

1. d4 Nf6 2. Nf3 e6 3. c4 Bb4+ 4. Nbd2 b6 5. a3 Bxd2+ 6. Qxd2 Bb7 7. e3 d6 8. b4
Ne4 9. Qc2 Nd7 10. Bd3 f5 11. O-O O-O 12. Bb2 Qe7 13. Rae1 c5 14. Nd2 Nxd2 15.
Qxd2 e5 16. f4 cxd4 17. fxe5 Qg5 18. h4 Qh6 19. Bxf5 Nxe5 20. Qxd4 Nf3+ 21.
gxf3 Rxf5 22. Qg4 Raf8 23. f4 Rh5 24. e4 Rxh4 25. Qg2 Rhxf4 26. Rxf4 Rxf4 27.
Bc1 Qh4 28. Bxf4 Qxe1+ 29. Qf1 Qxe4 30. Kh2 Qf5 31. Kg1 Qg4+ 32. Kh2 Qh4+ 33.
Kg1 g5 34. Bh2 Qg4+ 35. Kf2 Qd4+ 36. Ke1 Qc3+ 37. Kf2 Qf3+ 38. Ke1 Qxf1+ 39.
Kxf1 Be4 40. Ke2 d5 41. cxd5 Bxd5 42. a4 Bb3 43. a5 b5 44. a6 Be6 45. Bg1 Bc8
46. Bxa7 Bxa6 47. Be3 h6 48. Kf3 Kg7 49. Ke4 Bc8 50. Kd5 Bf5 51. Ke5 Kg6  0-1

[Event "Eliminacje strefowe do OOM OP/SL - C13"]
[Site "OW Sudety Pokrzywna"]
[Date "2023.??.??"]
[Round "7.2"]
[White "Pawleta, Mateusz"]
[Black "Oles, Mateusz"]
[Result "1/2-1/2"]
[BlackElo "1502"]
[EventDate "2023.??.??"]
[PlyCount "61"]
[WhiteElo "1433"]

1. d4 d5 2. c4 e6 3. Nc3 c5 4. cxd5 cxd4 5. Qxd4 Nc6 6. Qd1 exd5 7. e3 Nf6 8.
Nf3 Bc5 9. Be2 O-O 10. O-O a6 11. a3 Qd6 12. b4 Bb6 13. Bb2 Rd8 14. Na4 Ba7 15.
Rc1 Ne4 16. Nd4 Bd7 17. Nxc6 Bxc6 18. Nc3 Nxc3 19. Bxc3 d4 20. Bxd4 Bxd4 21.
Qxd4 Qxd4 22. exd4 Rxd4 23. Rfd1 Rxd1+ 24. Rxd1 Kf8 25. f3 Ke7 26. Kf2 Rc8 27.
Rc1 Kd6 28. Rc3 Bd7 29. Rxc8 Bxc8 30. Ke3 Kd5 31. Bd3  1/2-1/2

[Event "Eliminacje strefowe do OOM OP/SL - C13"]
[Site "OW Sudety Pokrzywna"]
[Date "2023.??.??"]
[Round "7.3"]
[White "Seemann, Adam"]
[Black "Pycinski, Wladyslaw"]
[Result "0-1"]
[BlackElo "2091"]
[EventDate "2023.??.??"]
[PlyCount "120"]
[WhiteElo "1546"]

1. e4 c5 2. Nf3 Nc6 3. d4 cxd4 4. Nxd4 Nf6 5. Nc3 e5 6. Ndb5 d6 7. Nd5 Nxd5 8.
exd5 Nb8 9. c4 a6 10. Nc3 Be7 11. Be2 O-O 12. O-O f5 13. f3 Bg5 14. Kh1 Nd7 15.
Bxg5 Qxg5 16. Qe1 Nf6 17. f4 exf4 18. Qf2 Ne4 19. Qxf4 Qxf4 20. Rxf4 Nxc3 21.
bxc3 Bd7 22. Rb1 Rae8 23. Bd3 Bc8 24. Kg1 Rf6 25. Rf2 Kf7 26. Re2 Rxe2 27. Bxe2
Ke8 28. Kf2 Rf7 29. Rb6 Kd7 30. a4 Kc7 31. a5 Rf8 32. Bd3 Re8 33. g3 g6 34. Rb1
Re5 35. Kf3 h6 36. h4 Bd7 37. Bc2 Re7 38. Bd3 g5 39. Bc2 gxh4 40. gxh4 Rg7 41.
Bd3 Rg4 42. Rh1 b6 43. axb6+ Kxb6 44. h5 Be8 45. Bxf5 Rxc4 46. Be4 a5 47. Ke3
a4 48. Bd3 Rxc3 49. Kd4 Rb3 50. Ra1 Rb4+ 51. Kc3 Kc5 52. Rd1 Rb3+ 53. Kc2 Bxh5
54. Rh1 Bf3 55. Rxh6 Bxd5 56. Rh5 Rb4 57. Kc3 Rf4 58. Kb2 a3+ 59. Ka1 Rf3 60.
Be2 Rg3  0-1

[Event "Eliminacje strefowe do OOM OP/SL - C13"]
[Site "OW Sudety Pokrzywna"]
[Date "2023.??.??"]
[Round "7.4"]
[White "Staniczek, Kacper"]
[Black "Niesyt, Michal"]
[Result "1/2-1/2"]
[BlackElo "1706"]
[EventDate "2023.??.??"]
[PlyCount "61"]
[WhiteElo "1518"]

1. e4 c5 2. Nf3 d6 3. d4 cxd4 4. Nxd4 Nf6 5. Nc3 g6 6. Be3 Bg7 7. f3 O-O 8. Qd2
Nc6 9. O-O-O d5 10. Kb1 Nxd4 11. e5 Nf5 12. exf6 exf6 13. Nxd5 Nxe3 14. Qxe3
Be6 15. Bc4 f5 16. c3 Re8 17. Nf4 Qc8 18. Bxe6 fxe6 19. h4 Qc6 20. Nd3 Qb6 21.
Qxb6 axb6 22. f4 Rad8 23. Ne5 Bxe5 24. fxe5 Rd5 25. Rhe1 Red8 26. Kc2 Rxd1 27.
Rxd1 Rxd1 28. Kxd1 Kf7 29. Kc2 g5 30. h5 g4 31. Kd3  1/2-1/2

[Event "Eliminacje strefowe do OOM OP/SL - C13"]
[Site "OW Sudety Pokrzywna"]
[Date "2023.??.??"]
[Round "7.5"]
[White "Swoboda, Wojciech"]
[Black "Bodzynski, Daniel"]
[Result "1-0"]
[BlackElo "1228"]
[EventDate "2023.??.??"]
[PlyCount "46"]
[WhiteElo "1239"]

1. e4 e6 2. d4 d5 3. e5 c5 4. c3 Nc6 5. Nf3 Qb6 6. a3 Bd7 7. b4 cxd4 8. cxd4 Rc8
9. Be3 Nge7 10. Bd3 Nf5 11. Bxf5 exf5 12. O-O Be7 13. Nc3 Be6 14. Na4 Qa6 15.
Nc5 Bxc5 16. dxc5 Ne7 17. Bd4 O-O 18. Qd2 Qa4 19. h4 h6 20. h5 Rc6 21. Rfb1 Ra6
22. b5 Ra5 23. Rb4 Qxb4  1-0

[Event "Eliminacje strefowe do OOM OP/SL - C13"]
[Site "OW Sudety Pokrzywna"]
[Date "2023.??.??"]
[Round "7.6"]
[White "Burszczan, Piotr"]
[Black "Kunze, Krystian"]
[Result "1/2-1/2"]
[BlackElo "1213"]
[EventDate "2023.??.??"]
[PlyCount "52"]
[WhiteElo "1248"]

1. d4 d5 2. c4 c6 3. g3 Nf6 4. Bg2 e6 5. Nf3 Nbd7 6. Nbd2 Bb4 7. O-O O-O 8. a3
Bd6 9. Re1 c5 10. e3 Qc7 11. cxd5 Nxd5 12. e4 N5b6 13. e5 Be7 14. dxc5 Nxc5 15.
b4 Ncd7 16. Bb2 a5 17. Rc1 Qd8 18. Qb3 Nd5 19. bxa5 Rxa5 20. Nc4 Rc5 21. Bd4
Rc6 22. Be3 Nxe3 23. Nxe3 Rxc1 24. Rxc1 b6 25. Nd2 Bc5 26. Ndc4 h6 {
nieczytelny zapis}   1/2-1/2

[Event "Eliminacje strefowe do OOM OP/SL - C13"]
[Site "OW Sudety Pokrzywna"]
[Date "2023.??.??"]
[Round "7.7"]
[White "Myslowski, Tomasz"]
[Black "Kordowski, Lukasz"]
[Result "1/2-1/2"]
[BlackElo "1342"]
[EventDate "2023.??.??"]
[PlyCount "64"]
[WhiteElo "1084"]

1. e4 b6 2. d4 Bb7 3. Nc3 e6 4. f3 d5 5. Bd3 Bb4 6. Ne2 dxe4 7. fxe4 Nc6 8. Be3
Qe7 9. a3 Bxc3+ 10. Nxc3 O-O-O 11. Ne2 f5 12. O-O fxe4 13. Bxe4 Nf6 14. Bf3 e5
15. Bxc6 Bxc6 16. c3 exd4 17. Bxd4 Qe4 18. Nf4 Bb5 19. Rf2 c5 20. Qb3 Bc6 21.
Bxf6 gxf6 22. Qe6+ Qxe6 23. Nxe6 Rd6 24. Nf4 Rg8 25. Nh5 Rg6 26. Ng3 Re6 27.
Rd1 Kc7 28. Ne2 Re5 29. Rd2 h5 30. Nf4 Rgg5 31. Rfe2 Bd7 32. Rxe5 fxe5  1/2-1/2